89-90 opciones políticas en Chile: la voz de los partidos políticos, movimientos y corrientes de opinión. Líderes, ideas y programas
Guardat en:
| Autor principal: | |
|---|---|
| Format: | Llibre |
| Idioma: | espanyol |
| Publicat: |
Santiago
Cachagua
1987
|
| Matèries: | |
| Accés en línia: | imegen tapa |
| Etiquetes: |
Afegir etiqueta
Sense etiquetes, Sigues el primer a etiquetar aquest registre!
|
MARC
| LEADER | 00000nam a2200000 a 4500 | ||
|---|---|---|---|
| 001 | UCI6611 | ||
| 003 | CL-VaPUC | ||
| 008 | 080516e19870000CL |||||||||||||||||spa|d | ||
| 082 | 0 | 4 | |a 324.983 |b TUP |2 21 |
| 100 | 0 | |a Tupper, Patricio |e author |9 529542 | |
| 245 | 1 | 0 | |a 89-90 opciones políticas en Chile: la voz de los partidos políticos, movimientos y corrientes de opinión. Líderes, ideas y programas |
| 300 | |a 357 p | ||
| 942 | |c BK | ||
| 945 | |d 20080516 00:00:00 |a jtorresc | ||
| 260 | |a Santiago |b Cachagua |c 1987 | ||
| 650 | 0 | |a Partidos políticos |9 254999 | |
| 650 | 0 | |a Política y gobierno |9 255151 | |
| 650 | 0 | |a Partido comunista |9 340375 | |
| 650 | 7 | |a REGIMEN POLITICO |2 CL-VaPUC |9 397594 | |
| 651 | 7 | |a CHILE |2 CL-VaPUC |9 529543 | |
| 856 | 7 | |f UCI6611_01.jpg |u http://opac.pucv.cl/pucv_img/Img-6500/UCI6611_01.jpg |q JEPG |2 file |z imegen tapa | |
| 583 | |a last modification |c 20080516 00:00:00 |k Rodrigo Vera | ||
| 999 | |c 330066 |d 330064 | ||
| 952 | |0 0 |1 0 |4 0 |6 324_983000000000000_TUP_1987 |7 0 |8 A |9 415355 |a BIBHIS |b BIBHIS |d 2019-11-22 |i 4439287 |o 324.983 TUP 1987 |p 4439287 |r 2025-01-20 |w 2019-11-22 |y BK |k HIS | ||